00585 a2200181 4500003000400000005001700004008004100021020001800062040000900080082001800089100002300107245003800130260003900168300000900207942004200216952012800258999001700386OSt20231223110500.0231223b |||||||| |||| 00| 0 eng d a9788170558492 coclc a891.43bSHA/S aShambhunath910186 aSABHYATA SE SAMVAD /cShambhunath aNew Delhi:bVani Prakashan,c2008. a222p 2ddccBKh891.43iSHA/Sk891.43mSHA/S 00102ddc40708LITaMESbMEScHINd2023-12-23l0o891.43 SHA/Sp43173r2023-12-23 11:05:49v300.00w2023-12-23yBKzGR6R4 c43539d43539